| 000 | 00648nam a2200217 a 4500 | ||
|---|---|---|---|
| 005 | 20210219153205.0 | ||
| 008 | 991125n 000 0 spa u | ||
| 035 | _aUPN01000083318 | ||
| 100 | 1 | _aGarcía Guadilla, Carmen | |
| 222 | _aREVISTA DE LA EDUCACION SUPERIOR | ||
| 245 | _aLa integración universitaria y el papel del conocimiento en tres tipos de escenarios | ||
| 300 | _a49-80 | ||
| 362 | 0 | _a1992 Vol.21, no. 3 (83), jul.-sep. | |
| 653 | 0 | _aGLOBALIZACION | |
| 653 | 0 | _aPAISES EN DESARROLLO | |
| 653 | 0 | _aPOLITICA ECONOMICA | |
| 653 | 0 | _aUNIVERSIDADES | |
| 653 | 0 | _aAMERICA LATINA | |
| 904 |
_aAC _b021129 |
||
| 905 | _aArticulo | ||
| 999 |
_c70627 _d70627 |
||